000 00706nam a2200205Ii 4500
003 JO-AjNU
008 230605s9999||||xx |||||||||||||| ||und||
017 _a125
040 _aJO-AjNU
_bara
_erda
_cJO-AjNU
041 _aara
050 1 4 _aTA705.K566 1979
100 3 _aثابت، كنانة محمد/ م مشارك: رياض حامد الدباغ، يوسف عمرو,
_eauthor
_937384
245 0 0 _aمبادئ الجيولوجيا الهندسية
264 3 1 _aبغداد: جامعة الموصل،1979
300 _a190ص
336 _atext
_btxt
_2rdacontent
337 _aunmediated
_bn
_2rdamedia
338 _avolume
_bnc
_2rdacarrier
650 4 _aالجيولوجيا الهندسية
_937385
999 _aA15615
_c19183
_d19183